Saints in aprons and overalls: (Record no. 5070)

000 -LEADER
fixed length control field 00617nam a2200193 a 4500
001 - CONTROL NUMBER
control field :::00002811$&:&@@
003 - CONTROL NUMBER IDENTIFIER
control field OkBaRHE
005 - DATE AND TIME OF LATEST TRANSACTION
control field 20000607103257.0
008 - FIXED-LENGTH DATA ELEMENTS--GENERAL INFORMATION
fixed length control field s1959 j 000 0 eng u
040 ## - CATALOGING SOURCE
Transcribing agency
100 1# - MAIN ENTRY--PERSONAL NAME
Personal name Barker, William Pierson.
245 10 - TITLE STATEMENT
Title Saints in aprons and overalls:
Remainder of title friends of Paul.
260 ## - PUBLICATION, DISTRIBUTION, ETC. (IMPRINT)
Place of publication, distribution, etc Westwood, NJ., :
Name of publisher, distributor, etc Fleming H. Revell Co.
Date of publication, distribution, etc c1959
300 ## - PHYSICAL DESCRIPTION
Extent 128 p. ;
Dimensions 21 cm.
650 ## - SUBJECT ADDED ENTRY--TOPICAL TERM
Topical term or geographic name as entry element Bible New Testament
General subdivision Biography
650 ## - SUBJECT ADDED ENTRY--TOPICAL TERM
Topical term or geographic name as entry element Paul, Saint, apostle
942 ## - ADDED ENTRY ELEMENTS (KOHA)
Source of classification or shelving scheme
Koha item type Books
Copies
Price effective from Withdrawn status Damaged status Not for loan Barcode Copy number Source of classification or shelving scheme Lost status Permanent Location Date acquired Date last seen Full call number Shelving location Koha item type
2010-04-14   28111  RHEMA Bible Training College2010-04-142018-03-16BS 2430 .B26General StacksBooks